[Event "Lvov Ukrainian Chess Warriors"]
[Site "Lvov"]
[Date "2024.03.15"]
[Round "3"]
[White "Pavlov, Sergey1"]
[Black "Karvatskyi, Oleksii"]
[Result "1-0"]
[WhiteElo "2451"]
[BlackElo "1986"]
[PlyCount "51"]
[EventDate "2024.03.15"]
[EventType "swiss (rapid)"]
[EventRounds "8"]
[EventCountry "UKR"]
[SourceTitle "CB12_2024"]
[SourceDate "2023.10.01"]
[SourceVersion "1"]
[SourceVersionDate "2023.10.01"]
[SourceQuality "1"]

1. c4 c5 2. Nf3 Nc6 3. d4 cxd4 4. Nxd4 e5 5. Nb5 d6 6. N1c3 a6 7. Na3 f5 8. g3 Nf6 9. Bg2 Be6 10. Nd5 Be7 11. 0-0 0-0 12. Be3 Rc8 13. Rc1 Kh8 14. Qb3 Rb8 15. Rfd1 e4 16. Bf4 Bxd5 17. cxd5 Na5 18. Qc3 b5 19. b4 Nd7 20. bxa5 b4 21. Qc6 bxa3 22. Bxd6 Rf6 23. Bxb8 Rxc6 24. dxc6 Qxb8 25. cxd7 Qf8 26. d8Q 1-0

[Event "EU-ch U14 rapid"]
[Site "Terme Catez"]
[Date "2023.09.28"]
[Round "1"]
[White "Karvatskyi, Oleksii"]
[Black "Gasparovic, Roko"]
[Result "0-1"]
[WhiteElo "2172"]
[BlackElo "1557"]
[PlyCount "78"]
[EventDate "2023.09.28"]
[EventType "swiss (rapid)"]
[EventRounds "9"]
[EventCountry "SLO"]
[SourceTitle "EXT 2024"]
[Source "ChessBase"]
[SourceDate "2023.10.10"]
[SourceVersion "1"]
[SourceVersionDate "2023.10.10"]
[SourceQuality "1"]

1. d4 d5 2. Nc3 Nf6 3. Bf4 a6 4. e3 Bg4 5. Nf3 e6 6. h3 Bf5 7. Ne5 Bd6 8. Be2 0-0 9. 0-0 c5 10. Bf3 cxd4 11. exd4 Nc6 12. Nxc6 bxc6 13. Qd2 Bxf4 14. Qxf4 Qb8 15. Qc1 Qb4 16. Rd1 Rab8 17. Rb1 c5 18. a3 Qa5 19. Qd2 cxd4 20. Qxd4 Bxc2 21. Rdc1 Bxb1 22. Rxb1 Rfd8 23. Rc1 Rdc8 24. Rd1 Qc5 25. Qd2 Rb3 26. Ne2 Rcb8 27. Rc1 Qb6 28. Nd4 Rxb2 29. Qf4 Rb1 30. Rxb1 Qxb1+ 31. Kh2 Rc8 32. g3 Qd3 33. Be2 Qe4 34. Qd2 h6 35. Bxa6 Ra8 36. Bb7 Rxa3 37. Ne2 Ra1 38. g4 Qh1+ 39. Kg3 Ne4+ 0-1

[Event "Morshyn All Ukranian 1st"]
[Site "Morshyn"]
[Date "2023.07.08"]
[Round "3"]
[White "Abramchuk, Klavdia"]
[Black "Karvatskyi, Oleksii"]
[Result "1/2-1/2"]
[WhiteElo "2120"]
[BlackElo "1977"]
[PlyCount "123"]
[EventDate "2023.07.08"]
[EventType "swiss (rapid)"]
[EventRounds "9"]
[EventCountry "UKR"]
[SourceTitle "CBM 215 Extra"]
[Source "ChessBase"]
[SourceDate "2023.09.30"]
[SourceVersion "1"]
[SourceVersionDate "2023.09.30"]
[SourceQuality "1"]

1. d4 d5 2. c4 c6 3. Nc3 Nf6 4. Nf3 g6 5. Bg5 Bg7 6. e3 0-0 7. Be2 Nbd7 8. 0-0 a6 9. a3 b5 10. Ne5 Bb7 11. cxd5 cxd5 12. Bxf6 Bxf6 13. f4 Nxe5 14. dxe5 Bg7 15. Bf3 e6 16. e4 Qb6+ 17. Kh1 d4 18. Ne2 Rfd8 19. Qd3 a5 20. b4 Bf8 21. Rab1 axb4 22. axb4 Ra4 23. Rfd1 Rxb4 24. Rxb4 Bxb4 25. Rb1 Be7 26. Rxb5 Qa7 27. Rb1 Ba6 28. Ra1 Bxd3 29. Rxa7 Bxe2 30. Bxe2 d3 31. Bd1 Bc5 32. Rc7 Be3 33. g3 g5 34. f5 Bd4 35. fxe6 fxe6 36. Bg4 d2 37. Bxe6+ Kh8 38. Bg4 Bxe5 39. Re7 d1Q+ 40. Bxd1 Rxd1+ 41. Kg2 Bd6 42. Rd7 Rd2+ 43. Kf3 Bb4 44. Rb7 Bc3 45. Kg4 h6 46. h4 gxh4 47. gxh4 Bg7 48. Re7 Kg8 49. Ra7 Rd4 50. Kf5 Rd1 51. Kg4 Re1 52. Kf5 Rf1+ 53. Kg4 Rf6 54. Rb7 Re6 55. Kf4 Rf6+ 56. Kg4 Kf8 57. Ra7 Rf1 58. Rb7 Bf6 59. Kh5 Bg7 60. Kg4 Bf6 61. Kh5 Bg7 62. Kg4 1/2-1/2

[Event "EU-ch Blitz"]
[Site "Katowice"]
[Date "2022.12.16"]
[Round "12"]
[White "Manik, Mikulas"]
[Black "Karvatskyi, Oleksii"]
[Result "1-0"]
[WhiteElo "2359"]
[BlackElo "1995"]
[PlyCount "103"]
[EventDate "2022.12.16"]
[EventType "swiss (blitz)"]
[EventRounds "22"]
[EventCountry "POL"]
[SourceTitle "CBM 211 Extra"]
[Source "ChessBase"]
[SourceDate "2023.01.31"]
[SourceVersion "1"]
[SourceVersionDate "2023.01.31"]
[SourceQuality "1"]

1. e4 c5 2. Nf3 Nc6 3. Bb5 g6 4. Bxc6 bxc6 5. d4 cxd4 6. Qxd4 f6 7. c4 Bg7 8. 0-0 e5 9. Qd3 Ne7 10. c5 0-0 11. Rd1 f5 12. Nc3 fxe4 13. Nxe4 Nd5 14. Nc3 Nxc3 15. Qxc3 Qc7 16. Qc4+ Kh8 17. Ng5 h6 18. Nf7+ Kh7 19. Nd6 a5 20. Be3 Ba6 21. Qh4 Rab8 22. Qe7 Qd8 23. Qxd8 Rbxd8 24. Bd2 e4 25. Nxe4 Bxb2 26. Rab1 Rb8 27. Bxa5 Bg7 28. Rxb8 Rxb8 29. h3 Rb7 30. Bb6 Be2 31. Rd2 Ba6 32. a4 Be5 33. Nd6 Bxd6 34. Rxd6 Kg7 35. a5 Kf7 36. f3 Bc4 37. Kf2 Be6 38. a6 Rb8 39. a7 Ra8 40. g4 Ke7 41. f4 h5 42. Kg3 hxg4 43. hxg4 Rf8 44. Bc7 Ra8 45. Bb8 Kd8 46. Kh4 Kc8 47. Kg5 Kb7 48. Rxe6 dxe6 49. Kxg6 Rxb8 50. axb8Q+ Kxb8 51. Kf6 Kc7 52. Kxe6 1-0

[Event "Lvov Buturina Memorial 2nd"]
[Site "Lvov"]
[Date "2022.11.19"]
[Round "5"]
[White "Grinev, Valeriy"]
[Black "Karvatskyi, Oleksii"]
[Result "1-0"]
[WhiteElo "2425"]
[BlackElo "1995"]
[PlyCount "73"]
[EventDate "2022.11.18"]
[EventType "swiss (rapid)"]
[EventRounds "9"]
[EventCountry "UKR"]
[SourceTitle "CBM 212 Extra"]
[Source "ChessBase"]
[SourceDate "2023.03.31"]
[SourceVersion "1"]
[SourceVersionDate "2023.03.31"]
[SourceQuality "1"]

1. d4 Nf6 2. c4 g6 3. Nc3 d5 4. cxd5 Nxd5 5. e4 Nxc3 6. bxc3 Bg7 7. Nf3 0-0 8. Be2 c5 9. Be3 Nc6 10. 0-0 Bg4 11. d5 Na5 12. Bxc5 Bxf3 13. Bxf3 Bxc3 14. Rc1 Be5 15. Bg4 h5 16. Bh3 b6 17. Be3 b5 18. f4 Bb2 19. Rb1 Nc4 20. Bd4 Bxd4+ 21. Qxd4 Qa5 22. Rf2 a6 23. Rc1 Qa3 24. Rc3 Qd6 25. e5 Qd8 26. g4 hxg4 27. Bxg4 e6 28. d6 Qa5 29. h4 Kg7 30. h5 gxh5 31. Bxh5 Rh8 32. Rg2+ Kf8 33. Bf3 Rd8 34. f5 b4 35. Rxc4 b3 36. Rc1 Qa3 37. Qc5 1-0

[Event "Lvov Buturina Memorial 2nd"]
[Site "Lvov"]
[Date "2022.11.18"]
[Round "3"]
[White "Karvatskyi, Oleksii"]
[Black "Sidorika, Vladislav"]
[Result "0-1"]
[WhiteElo "1995"]
[BlackElo "2278"]
[PlyCount "78"]
[EventDate "2022.11.18"]
[EventType "swiss (rapid)"]
[EventRounds "9"]
[EventCountry "UKR"]
[SourceTitle "CBM 212 Extra"]
[Source "ChessBase"]
[SourceDate "2023.03.31"]
[SourceVersion "1"]
[SourceVersionDate "2023.03.31"]
[SourceQuality "1"]

1. e4 c6 2. d4 d5 3. e5 Bf5 4. h4 h5 5. Bg5 Qb6 6. Bd3 Qxd4 7. Nf3 Qg4 8. 0-0 f6 9. Be3 fxe5 10. Nxe5 Qxd1 11. Bxf5 Qxf1+ 12. Kxf1 Nh6 13. Bg6+ Kd8 14. Bxh6 Rxh6 15. Nf7+ Kc7 16. Nxh6 gxh6 17. Nd2 Bg7 18. Re1 Kd6 19. c3 Nd7 20. Bxh5 e5 21. Re3 Bf6 22. Bg4 Nc5 23. g3 Rf8 24. b4 Na4 25. c4 e4 26. c5+ Kc7 27. Nb3 Nc3 28. a3 Nb5 29. a4 Nc3 30. Rxc3 Bxc3 31. b5 cxb5 32. axb5 a5 33. Be6 a4 34. Nc1 Bd4 35. f4 exf3 36. Bxd5 Bxc5 37. Nd3 Kb6 38. Bxb7 Rd8 39. Ne5 Rd1# 0-1

[Event "Lvov Zheliandinov Memorial"]
[Site "Lvov"]
[Date "2022.08.10"]
[Round "7"]
[White "Baziuk, Vladyslav"]
[Black "Karvatskyi, Oleksii"]
[Result "1-0"]
[WhiteElo "2078"]
[BlackElo "1901"]
[PlyCount "149"]
[EventDate "2022.08.06"]
[EventType "tourn"]
[EventRounds "11"]
[EventCountry "UKR"]
[SourceTitle "CBM 209 Extra"]
[Source "ChessBase"]
[SourceDate "2022.09.30"]
[SourceVersion "1"]
[SourceVersionDate "2022.09.30"]
[SourceQuality "1"]

1. d4 Nf6 2. c4 e6 3. g3 d5 4. Bg2 c6 5. Nf3 Bd6 6. 0-0 0-0 7. Nc3 Nbd7 8. Nd2 Re8 9. e4 dxe4 10. Ndxe4 Bc7 11. Be3 h6 12. Re1 Nxe4 13. Nxe4 Nf6 14. Nc3 Bd7 15. h3 Qe7 16. Qb3 Rab8 17. a4 b6 18. Rad1 Bd6 19. Bc1 c5 20. d5 Qf8 21. Nb5 Bxb5 22. Qxb5 exd5 23. cxd5 Rxe1+ 24. Rxe1 Re8 25. Re3 Rxe3 26. Bxe3 Qe7 27. Qd3 Ne8 28. Bd2 Be5 29. b3 Nd6 30. Bf3 Bd4 31. Kg2 Qf6 32. h4 g5 33. hxg5 hxg5 34. Qe2 Qf5 35. g4 Qf6 36. Bc1 Be5 37. Qa6 Qe7 38. a5 bxa5 39. Qxa5 Ne8 40. Qa4 Kf8 41. Be3 Bd6 42. Qa1 Kg8 43. Qc1 f6 44. Qc2 Qh7 45. Qxh7+ Kxh7 46. Be4+ Kg7 47. Kf1 Nc7 48. Ke2 Nb5 49. Kd3 Nd4 50. b4 Nb5 51. bxc5 Be5 52. Kc4 a6 53. Bf5 Kf7 54. Bc8 Na3+ 55. Kb3 Nb1 56. Bxa6 Nc3 57. Kc4 Ke7 58. Bc8 Kd8 59. Bf5 Kc7 60. Bc2 Ne2 61. Bd1 Nf4 62. Bxf4 Bxf4 63. d6+ Kd8 64. Kd5 Bd2 65. c6 Ba5 66. Bc2 Bb6 67. Bf5 Ba5 68. Kc4 Bb6 69. Kb5 Bc7 70. dxc7+ Kxc7 71. Kc5 Kb8 72. Kb6 Ka8 73. Be6 f5 74. c7 fxg4 75. c8Q# 1-0

[Event "Bystre op 2nd"]
[Site "Bystre"]
[Date "2022.07.23"]
[Round "8"]
[White "Karvatskyi, Oleksii"]
[Black "Dzwierzynski, Bartosz"]
[Result "1-0"]
[WhiteElo "1804"]
[BlackElo "2129"]
[PlyCount "79"]
[EventDate "2022.07.17"]
[EventType "swiss"]
[EventRounds "9"]
[EventCountry "POL"]
[SourceTitle "CBM 209 Extra"]
[Source "ChessBase"]
[SourceDate "2022.09.30"]
[SourceVersion "1"]
[SourceVersionDate "2022.09.30"]
[SourceQuality "1"]

1. d4 Nf6 2. Nc3 d5 3. Bf4 Bf5 4. f3 e6 5. g4 Bg6 6. h4 h6 7. e3 a6 8. Bd3 Bxd3 9. Qxd3 c5 10. Nge2 Nc6 11. 0-0-0 Bd6 12. g5 Nh5 13. g6 f6 14. dxc5 Nxf4 15. Nxf4 Bxf4 16. exf4 0-0 17. Rhe1 Re8 18. f5 Ne5 19. Qe2 Rc8 20. f4 Nc4 21. fxe6 Qa5 22. a3 Rxc5 23. e7 Rc6 24. Nxd5 Nxa3 25. bxa3 Qxa3+ 26. Kb1 Rc5 27. Rd3 Qa4 28. Nxf6+ Kh8 29. Nxe8 Rb5+ 30. Rb3 Ra5 31. Qe5 Qa2+ 32. Kc1 Rxe5 33. Rxe5 Qa1+ 34. Kd2 Qd4+ 35. Rd3 Qxf4+ 36. Ree3 Qb4+ 37. Kc1 Qa5 38. Nc7 Qa1+ 39. Kd2 Qa5+ 40. Rc3 1-0

[Event "Wch U12 rapid"]
[Site "Rhodes"]
[Date "2022.05.01"]
[Round "3"]
[White "Bogdanov, Artyom"]
[Black "Karvatskyi, Oleksii"]
[Result "1/2-1/2"]
[WhiteElo "1450"]
[BlackElo "1919"]
[PlyCount "65"]
[EventDate "2022.05.01"]
[EventType "swiss (rapid)"]
[EventRounds "9"]
[EventCountry "GRE"]
[SourceTitle "CBM 208 Extra"]
[Source "ChessBase"]
[SourceDate "2022.07.31"]
[SourceVersion "1"]
[SourceVersionDate "2022.07.31"]
[SourceQuality "1"]

1. e4 c5 2. Nf3 Nc6 3. Bb5 g6 4. 0-0 Nf6 5. e5 Nd5 6. Nc3 Nxc3 7. dxc3 Qc7 8. Bf4 Bg7 9. Re1 a6 10. Bxc6 dxc6 11. Qe2 Bg4 12. h3 Bxf3 13. Qxf3 e6 14. Qe3 b6 15. Rad1 Rd8 16. Rxd8+ Qxd8 17. Qe4 Qd5 18. Qa4 a5 19. c4 Qd7 20. c3 Qc7 21. Rd1 0-0 22. Rd6 Rc8 23. Bg3 Bf8 24. Rd3 Rd8 25. Rxd8 Qxd8 26. Qxc6 h5 27. Bf4 Qd1+ 28. Kh2 Qe2 29. Qc8 Qe4 30. Bh6 Qxe5+ 31. g3 Qd6 32. Bf4 e5 33. Bh6 1/2-1/2

[Event "Kiev-Lvov Region Blitz"]
[Site "Kiev"]
[Date "2021.09.15"]
[Round "1"]
[White "Karvatskyi, Oleksii"]
[Black "Samunenkov, Igor"]
[Result "0-1"]
[WhiteElo "1783"]
[BlackElo "2293"]
[PlyCount "50"]
[EventDate "2021.09.15"]
[EventType "team-match (blitz)"]
[EventRounds "8"]
[EventCountry "UKR"]
[SourceTitle "CBM 204 Extra"]
[Source "ChessBase"]
[SourceDate "2021.11.30"]
[SourceVersion "1"]
[SourceVersionDate "2021.11.30"]
[SourceQuality "1"]
[WhiteTeam "Lvov Region"]
[BlackTeam "Kiev Region"]
[WhiteTeamCountry "UKR"]
[BlackTeamCountry "UKR"]

1. e4 c5 2. Nf3 Nc6 3. d4 cxd4 4. Nxd4 g6 5. c4 Nf6 6. Nc3 d6 7. f3 Nxd4 8. Qxd4 Bg7 9. Be3 0-0 10. Qd2 Qa5 11. Bd4 Be6 12. Be2 Rfc8 13. b3 a6 14. 0-0 b5 15. cxb5 axb5 16. Rfd1 Bd7 17. a3 e5 18. b4 Qc7 19. Rac1 exd4 20. Qxd4 Ng4 21. Qxd6 Qa7+ 22. Kh1 Nf2+ 23. Kg1 Nh3+ 24. Kh1 Qg1+ 25. Rxg1 Nf2# 0-1